000
003360000a22001450004500
005
20120302064030.0
942
_c
BOOK
100
_a
Wickesherg,Albert K.
245
_a
Management Organization
260
_a
Bombay:The Times of India press,1970.
300
_a
xiii,233p.
040
_a
Eng
365
_b
4/-
650
_a
Organization
999
_c
361100
_d
361097